MARC

LEADER 00000nam0a2200000 4500
001 320494
005 20231102003302.0
035 |a (RuTPU)RU\TPU\book\346025 
090 |a 320494 
100 |a 20160708d1941 km y0rusy50 ca 
101 0 |a rus 
102 |a RU 
105 |a a z 000zy 
200 1 |a Свойства служба и производство огнеупоров для черной металлургии  |f В. А. Конопасевич 
210 |a Москва  |c Металлургиздат  |d 1941 
215 |a 303 с.  |c ил. 
606 1 |a Огнеупоры  |x Производство  |x Технический контроль  |2 stltpush  |3 (RuTPU)RU\TPU\subj\35130  |9 56895 
606 1 |a Металлургические процессы (Черные металлы)  |2 stltpush  |3 (RuTPU)RU\TPU\subj\42940  |9 62547 
610 1 |a свойства 
610 1 |a огнеупорные материалы 
610 1 |a огнеупорные изделия 
610 1 |a классификация 
610 1 |a шамотные огнеупоры 
610 1 |a углеродистые огнеупоры 
610 1 |a динас 
610 1 |a металлургические печи 
610 1 |a огнеупорные бетоны 
610 1 |a огнеупорные растворы 
610 1 |a стахановское движение 
675 |a 666.76:658  |v 4 
675 |a 669.1  |v 4 
700 1 |a Конопасевич  |b В. А. 
801 1 |a RU  |b 63413507  |c 20160708 
801 2 |a RU  |b 63413507  |c 20200204  |g RCR 
942 |c BK